Statistics for 2002 FIFA World Cup Quiz

Click here to take the quiz!

General Stats

  • This quiz has been taken 371 times
  • The average score is 27 of 32

Answer Stats

Answer % Correct
Brazil
98%
France
97%
Germany
96%
South Korea
96%
Japan
96%
England
95%
Argentina
95%
Italy
95%
Spain
95%
United States
92%
Mexico
90%
Portugal
90%
Sweden
88%
Uruguay
88%
Russia
83%
Denmark
83%
Nigeria
82%
Belgium
81%
Turkey
80%
Paraguay
79%
Cameroon
78%
Poland
78%
Senegal
78%
China
77%
Saudi Arabia
75%
Costa Rica
75%
Ireland
73%
Croatia
73%
South Africa
69%
Ecuador
68%
Tunisia
59%
Slovenia
52%

Score Distribution

Percentile by Number Answered

Percent of People with Each Score

Your Score History

You have not taken this quiz